00266pab a2200121 454500008004000000100002100040245002700061260000900088300000900097362001100106650001500117773001200132180718b1996 xxu||||| |||| 00| 0 eng d aMishra, Sidharth aA legacy of corruption c1996 ap.11 a21 Sep aCorruption aPioneer